Estudio sobre las posibilidades de mercado de la producción de huevos / (Record no. 111962)

MARC details
000 -LEADER
campo de control de longitud fija 00729nam a2200193 4500
001 - NÚMERO DE CONTROL
campo de control 111962
003 - IDENTIFICADOR DE NÚMERO DE CONTROL
campo de control ES-MaACL
005 - FECHA Y HORA DE LA ÚLTIMA TRANSACCIÓN
campo de control 20230906185407.0
007 - CAMPO FIJO DE DESCRIPCIÓN FÍSICA--INFORMACIÓN GENERAL
campo de control de longitud fija t|
008 - DATOS DE LONGITUD FIJA--INFORMACIÓN GENERAL
campo de control de longitud fija 061121s1964 sp r ||||1| spa d
100 1# - ENTRADA PRINCIPAL--NOMBRE DE PERSONA
Nombre de persona Orozco, Fernando.
9 (RLIN) 87330
245 10 - MENCIÓN DEL TÍTULO
Título Estudio sobre las posibilidades de mercado de la producción de huevos /
Mención de responsabilidad, etc. autores Fernando Orozco, Francisco Sobrino, Antonio Paz.
260 ## - PUBLICACIÓN, DISTRIBUCIÓN, ETC.
Lugar de publicación, distribución, etc. Madrid :
Nombre del editor, distribuidor, etc. Servicio de Estudios del Banco Urquijo. Comisión de Estudios Agrarios,
Fecha de publicación, distribución, etc. 1964.
300 ## - DESCRIPCIÓN FÍSICA
Extensión 68 p. :
Otras características físicas il. ;
Dimensiones 25 cm.
700 1# - ENTRADA AGREGADA--NOMBRE PERSONAL
Nombre de persona Sobrino, Francisco.
9 (RLIN) 107002
700 1# - ENTRADA AGREGADA--NOMBRE PERSONAL
Nombre de persona Paz, Antonio.
9 (RLIN) 89745
710 2# - ENTRADA AGREGADA--NOMBRE DE ENTIDAD CORPORATIVA
Nombre de entidad corporativa o nombre de jurisdicción como elemento de entrada Banco Urquijo.
Unidad subordinada Comisión de Estudios Agrarios.
9 (RLIN) 165692
852 ## - LOCALIZACIÓN
Ubicación ES-MaACL
Número de control de estantería C-24770
Sublocalización o colección R.53633
Holdings
Estatus retirado Estado de pérdida Estado de daño No para préstamo Biblioteca de origen Biblioteca actual Ubicación en estantería Fecha de adquisición Fuente de adquisición Total de préstamos Signatura topográfica completa Código de barras Visto por última vez Precio de reemplazo Tipo de ítem Koha
        Biblioteca del Ateneo de Madrid Biblioteca del Ateneo de Madrid Depósito 2 17/01/2008     C-24770 1116790 23/02/2023 23/02/2023 Libro impreso